| 000 | 00727nam a2200241Ia 4500 | ||
|---|---|---|---|
| 003 | OSt | ||
| 005 | 20220923214217.0 | ||
| 006 | a|||||r|||| 00| 0 | ||
| 007 | ta | ||
| 008 | 220922b |||||||| |||| 00| 0 hin d | ||
| 024 | _a167,966 | ||
| 037 | _cTextual | ||
| 040 |
_aARTS _cARTS _bhin |
||
| 041 |
_2hin _ahin |
||
| 082 | _aO152:1M5:9, H9 | ||
| 100 |
_aनगेन्द्र _9156277 |
||
| 245 | 0 | _aरीति-काव्य की भूमिका | |
| 246 | _aRīti-kāvya kī bhūmikā | ||
| 260 |
_aदिल्ली _b गौतम बुक डिपो _c1949 |
||
| 300 |
_a192पृ. _ccm. |
||
| 942 |
_hO152:1M5:9, H9 _cTEXL _2CC |
||
| 999 |
_c322436 _d322436 |
||